| LEADER |
01463ngm0a2200253 450 |
| 001 |
16845837 |
| 100 |
|
|
|a 20231201d2024 u u0frey01 ba
|
| 101 |
0 |
|
|a fre
|
| 102 |
|
|
|a FR
|
| 200 |
0 |
|
|a Toni, en famille
|f Nathan Ambrosioni, réal.
|g Nathan Ambrosioni, scénario - Camille Cottin, Léa Lopez, Thomas Gioria, Louise Labèque, Oscar Pauleau, Juliane Lepoureau, ... [et al.] act.
|
| 207 |
|
1 |
|a
|
| 215 |
|
|
|a 1 DVD vidéo monoface zone 2 (1 h 32 min)
|c 1.85:1, 16/9 compatible 4/3, coul., (PAL), Son. (Dolby Digital 2.0; français); (
|
| 300 |
|
|
|a Langues principales : français;
|
| 330 |
|
|
|a Antonia, dite Toni, élève seule ses cinq enfants. Un job à plein temps. Elle chante aussi le soir, dans des bars, car il faut bien nourrir sa famille. Toni a du talent. Elle a enregistré un single qui a cartonné. Mais ça, c'était il y a vingt ans. Aujourd'hui ses deux aînés s'apprêtent à rejoindre l'université. Alors Toni s'interroge : que fera-t-elle quand toute sa progéniture aura quitté le foyer ? A 43 ans, est-il encore temps de reprendre sa vie en main ?
|
| 700 |
|
0 |
|a Ambrosioni
|b Nathan
|4 370
|
| 702 |
|
0 |
|a Cottin
|b Camille
|4 5
|
| 702 |
|
0 |
|a Lopez
|b Léa
|4 5
|
| 702 |
|
0 |
|a Gioria
|b Thomas
|4 5
|
| 702 |
|
0 |
|a Labèque
|b Louise
|4 5
|
| 702 |
|
0 |
|a Pauleau
|b Oscar
|4 5
|
| 702 |
|
0 |
|a Lepoureau
|b Juliane
|4 5
|
| 900 |
|
|
|a Film
|
| 901 |
|
|
|a Accessible au prêt
|
| 995 |
|
|
|a Bibliothèque
|c Bibliothèque
|f 00156010171569
|h 00156010171569
|k F AMB
|o p
|q a
|r gd
|e Bibliothèque
|